<?xml version="1.0" encoding="UTF-8"?>
<marc:record xmlns:marc="http://www.loc.gov/MARC21/slim">
   <marc:leader>00000nam a2200000 a 4500</marc:leader>
   <marc:datafield ind1="1" ind2=" " tag="100">
      <marc:subfield code="a">Landmann, Armin</marc:subfield>
      <marc:subfield code="4">aut</marc:subfield>
      <marc:subfield code="e">Verfasser/-in</marc:subfield>
   </marc:datafield>
   <marc:datafield ind1=" " ind2=" " tag="653">
      <marc:subfield code="a">Alpen</marc:subfield>
   </marc:datafield>
   <marc:datafield ind1=" " ind2=" " tag="653">
      <marc:subfield code="a">Artenschutz</marc:subfield>
   </marc:datafield>
   <marc:datafield ind1=" " ind2=" " tag="653">
      <marc:subfield code="a">Berge</marc:subfield>
   </marc:datafield>
   <marc:datafield ind1=" " ind2=" " tag="653">
      <marc:subfield code="a">Bildband</marc:subfield>
   </marc:datafield>
   <marc:datafield ind1=" " ind2=" " tag="653">
      <marc:subfield code="a">Botanik</marc:subfield>
   </marc:datafield>
   <marc:datafield ind1=" " ind2=" " tag="653">
      <marc:subfield code="a">Flora</marc:subfield>
   </marc:datafield>
   <marc:datafield ind1=" " ind2=" " tag="653">
      <marc:subfield code="a">Geologie</marc:subfield>
   </marc:datafield>
   <marc:datafield ind1=" " ind2=" " tag="653">
      <marc:subfield code="a">Gletscher</marc:subfield>
   </marc:datafield>
   <marc:datafield ind1=" " ind2=" " tag="653">
      <marc:subfield code="a">Lebensraum</marc:subfield>
   </marc:datafield>
   <marc:datafield ind1=" " ind2=" " tag="653">
      <marc:subfield code="a">NNA</marc:subfield>
   </marc:datafield>
   <marc:datafield ind1=" " ind2=" " tag="653">
      <marc:subfield code="a">Natur</marc:subfield>
   </marc:datafield>
   <marc:datafield ind1=" " ind2=" " tag="653">
      <marc:subfield code="a">Pflanzen</marc:subfield>
   </marc:datafield>
   <marc:datafield ind1=" " ind2=" " tag="653">
      <marc:subfield code="a">Tiere</marc:subfield>
   </marc:datafield>
   <marc:datafield ind1=" " ind2=" " tag="653">
      <marc:subfield code="a">Ökologie</marc:subfield>
   </marc:datafield>
   <marc:datafield ind1="0" ind2="0" tag="245">
      <marc:subfield code="a">Die Natur der Alpen</marc:subfield>
   </marc:datafield>
   <marc:datafield ind1="0" ind2="0" tag="245">
      <marc:subfield code="b">Von Gletscherflöhen, Gipfelspinnern und Extremisten am Berg - die Faszination alpiner Lebensräume.</marc:subfield>
   </marc:datafield>
   <marc:datafield ind1="0" ind2="0" tag="245">
      <marc:subfield code="c">Landmann, Armin</marc:subfield>
   </marc:datafield>
   <marc:datafield ind1="1" ind2=" " tag="520">
      <marc:subfield code="a">Die Natur der Alpen bietet faszinierende Kontraste, die dieser Band auf einmalige Weise vermittelt.&#xD;
Schroff und sanft, schön und bedrohlich - es sind atemberaubende Extreme, die die Natur der Alpen prägen. In den typischen Lebensräumen entlang des Höhengradienten zeigt sich die Anpassungsfähigkeit von Tieren und Pflanzen, die mit verblüffenden Überlebenstricks den harschen Umweltbedingungen am Berg trotzen. Wechselbeziehungen von Mensch, Natur und Landschaften werden eindrücklich erklärt. &#xD;
Ein Buch, das uns mit der Natur verbindet - hochwertig ausgestattet.&#xD;
&#xD;
Aus dem Inhalt:&#xD;
Die Alpen: Aus Meerschaum geboren, in Schneeschauern gewachsen / Leben in Fels, Eis und Schnee / Alpine Extremisten: Die Flechten / Von Gletscherflöhen, Felsenspringern und Gipfelspinnern / Frau Holles Meriten: Leben unter kühlen Laken / Weiß auf weißem Grund: Wie Tarnung täuschen kann / Von Wappentieren und Phallussymbolen / Vom Berg ins Tal: Beschwingte Tagestouristen / Almen, Heiden, Rasen: In der Alpinstufe / Fruchtzwerge und Beerenscheißer in der Zwergstrauchheide / Die blauen Blumen der (Berg)romantik / Warum das Edelweiß weiß ist und die Arnika Wohl verleiht / Auch ohne Wirbel ist viel los / Axolotl im Bergsee, Tattermandl im Trauerkleid: Amphibisches aus den Alpen / Von alpinen Affen, Bären und Katzen / Von großen und kleinen Bäumen: Bergwald und Waldgrenze / König und Königin der Waldgrenze / Schwatzhafter Forstgehilfe im Bergwald / Auf Biegen und Brechen: In der Kampfzone des Waldes / Von Zwergwäldern und unterirdischen Bäumen / Das weiße Gold der Berge: Die wilden Wässer der Alpen / Fremde Fische, falsche Fliegen: Tiere im Bergbach / In Schluchten, Klammen und Tobeln / Die letzten Wilden: Talflüsse als Refugien / Kinder der Eiszeit Geburten der Gletscher: Die Alpenmoore / Moorkönige: Grüne Sauertöpfe und vegane Fleischfresser /</marc:subfield>
   </marc:datafield>
   <marc:datafield ind1=" " ind2=" " tag="020">
      <marc:subfield code="a">9783440170502</marc:subfield>
      <marc:subfield code="9">9783440170502</marc:subfield>
   </marc:datafield>
   <marc:datafield ind1=" " ind2=" " tag="020">
      <marc:subfield code="a">3440170500</marc:subfield>
      <marc:subfield code="9">3440170500</marc:subfield>
   </marc:datafield>
</marc:record>
